Sports Quiz

Random Sports or MLB Quiz

First Home Runs of 2015 (MLB) Quiz Stats

 Plays Quiz not verified by Sporcle

Challenge
Share
Tweet
Embed
Score 0/30 Timer 05:00
0 Plays Today
MLB Team Player % Correct
Toronto Blue JaysEdwin Encarnacion
82.2%
Detroit TigersJ.D. Martinez
80.5%
Los Angeles Angels of AnaheimMike Trout
80.5%
Boston Red SoxDustin Pedroia
79.7%
Chicago White SoxJose Abreu
77.1%
Tampa Bay RaysEvan Longoria
71.2%
Washington NationalsBryce Harper
69.5%
Los Angeles DodgersAdrian Gonzalez
69.5%
Kansas City RoyalsMike Moustakas
67.8%
New York YankeesBrett Gardner
66.1%
Cleveland IndiansCarlos Santana
63.6%
San Diego PadresJustin Upton
63.6%
San Francisco GiantsBuster Posey
63.6%
New York MetsDavid Wright
61.9%
Minnesota TwinsBrian Dozier
60.2%
MLB Team Player % Correct
Cincinnati RedsJay Bruce
57.6%
Pittsburgh PiratesAndrew McCutchen
54.2%
Arizona DiamondbacksDavid Peralta
45.8%
Colorado RockiesCorey Dickerson
44.1%
Seattle MarinersDustin Ackley
39.8%
Oakland AthleticsBen Zobrist
38.1%
Baltimore OriolesAlejandro De Aza
37.3%
Houston AstrosJed Lowrie
36.4%
Milwaukee BrewersAdam Lind
36.4%
Texas RangersMitch Moreland
33.9%
Miami MarlinsJarrod Saltalamacchia
28.8%
Chicago CubsChris Coghlan
25.4%
Atlanta BravesA.J. Pierzynski
20.3%
St. Louis CardinalsRandal Grichuk
18.6%
Philadelphia PhilliesJeff Francoeur
16.9%

You're not logged in!

Compare scores with friends on all Sporcle quizzes.
Join for Free
OR
Log In

You Might Also Like...

Show Comments

Extras

Top Quizzes Today


Score Distribution

Your Account Isn't Verified!

In order to create a playlist on Sporcle, you need to verify the email address you used during registration. Go to your Sporcle Settings to finish the process.

Report this User

Report this user for behavior that violates our Community Guidelines.

Details: